The black swan : the impact of the highly improbable

Bibliographic Details
Main Author: Taleb Nassim Nicholas
Format: Book
Published: London : Penguin books , 2010
Subjects:

MARC

LEADER 00000cam a2200000 7i4500
001 0000061090
005 20160312.0
008 160313
020 |a 9780141034591 
090 0 0 |a TAL   |b ENG 
100 1 |a Taleb Nassim Nicholas 
245 1 0 |a The black swan :   |b the impact of the highly improbable   |c Nassim Nicholas Taleb 
260 |a London :   |b Penguin books ,   |c 2010 
650 0 |a English fiction 
999 |a 0000139457   |b Book   |c Adult Collection   |e Cawangan Segamat 
999 |a 0001284578   |b Book   |c Adult Collection   |e Cawangan Bukit Gambir 
999 |a 0001394567   |b Book   |c Adult Collection   |e Cawangan Mersing 
999 |a 0001394568   |b Book   |c Adult Collection   |e Cawangan Kota Tinggi 
999 |a 0001394569   |b Book   |c Adult Collection   |e Cawangan Tmn. Ungku Tun Aminah 
999 |a 0001394570   |b Book   |c Adult Collection   |e Cawangan Muar 
999 |a 0001394571   |b Book   |c Adult Collection   |e Cawangan Segamat 
999 |a 0001394572   |b Book   |c Adult Collection   |e Cawangan Bandar Tenggara 
999 |a 0001394573   |b Book   |c Adult Collection   |e Cawangan Batu Pahat 
999 |a 0001394574   |b Book   |c Adult Collection   |e Cawangan Taman Sri Lambak 
999 |a 0001394576   |b Book   |c Adult Collection   |e Cawangan Tangkak 
999 |a 0001394577   |b Book   |c Adult Collection   |e Cawangan Pontian 
999 |a 0001394578   |b Book   |c Adult Collection   |e Cawangan Bukit Gambir 
999 |a 0001394579   |b Book   |c Adult Collection   |e Cawangan Segamat 
999 |a 0001395106   |b Book   |c Adult Collection   |e Perbadanan Perpustakaan Awam Johor 
999 |a 0001395107   |b Book   |c Adult Collection   |e Cawangan AEON Kulaijaya 
999 |a 0001395108   |b Book   |c Adult Collection   |e Cawangan Urban Transformation Centre 
999 |a 0001702169   |b Book   |c Adult Collection   |e Cawangan Sri Merlong